书目信息 |
| 题名: |
玉簪记
|
|
| 作者: | 银小骏 改编 | |
| 分册: | ||
| 出版信息: | 太原 山西古籍出版社 2010.12 |
|
| 页数: | 219页 | |
| 开本: | 22cm | |
| 丛书名: | 中国六大古典喜剧白话小说 | |
| 单 册: | ||
| 中图分类: | I247.57 | |
| 科图分类: | 44.5728 | |
| 主题词: | 长篇小说--中国--现代 , 长篇小说 | |
| 电子资源: | ||
| ISBN: | 7-80598-227-9 | |
| 000 | 00741cam2 2200277 450 | |
| 001 | 1263778234 | |
| 005 | 20120107174345.56 | |
| 010 | @a7-80598-227-9@dCNY26.80 | |
| 100 | @a20021005d2010 em y0chiy0110 ea | |
| 101 | 0 | @achi |
| 102 | @aCN@b140000 | |
| 105 | @ay z 000ay | |
| 200 | 1 | @a玉簪记@9yu zan ji@b专著@f银小骏改编 |
| 205 | @a2版 | |
| 210 | @a太原@c山西古籍出版社@d2010.12 | |
| 215 | @a219页@d22cm | |
| 225 | 2 | @a中国六大古典喜剧白话小说 |
| 300 | @a(明)高濂著 | |
| 410 | 0 | @12001@a中国六大古典喜剧白话小说 |
| 606 | 0 | @a长篇小说@y中国@z现代 |
| 606 | 0 | @a长篇小说 |
| 690 | @aI247.57@v3 | |
| 692 | @a44.5728@v2 | |
| 701 | 0 | @a银小骏@9yin xiao jun@4改编 |
| 801 | 0 | @aCN@bNLC@c19981023 |
| 905 | @aZUCC@dI247.57@eY590=2 | |
| 玉簪记/银小骏改编.-2版.-太原:山西古籍出版社,2010.12 |
| 219页;22cm.-(中国六大古典喜剧白话小说) |
| (明)高濂著 |
| ISBN 7-80598-227-9:CNY26.80 |
| ● |
| 相关链接 |
|
|
|
正题名:玉簪记
索取号:I247.57/Y590=2
 
预约/预借
| 序号 | 登录号 | 条形码 | 馆藏地/架位号 | 状态 | 备注 |
| 1 | 480336 | 204803365 | 文学库108/108文学库 54排5列1层/ [索取号:I247.57/Y590=2] | 在馆 | |
| 2 | 480337 | 204803374 | 文学库108/108文学库 54排5列1层/ [索取号:I247.57/Y590=2] | 在馆 | |
| 3 | 480338 | 204803383 | 文学库108/108文学库 54排5列1层/ [索取号:I247.57/Y590=2] | 在馆 |